|
|
|
|
| LEADER |
00000cas a2200000 a 4500 |
| 001 |
vtls010428119 |
| 003 |
SK-MaSNL |
| 005 |
20260228160036.0 |
| 008 |
120606c20119999xo qr p 0 a0eng |
| 022 |
|
|
|a 1338-5615
|
| 040 |
|
|
|a SVKPO
|b slo
|c SVKPO
|d SVKBB
|d SAVUK
|d SNK
|e AACR2
|
| 041 |
0 |
|
|a eng
|
| 044 |
|
|
|a xo
|c SK
|
| 072 |
|
7 |
|a 17
|x Etika. Morálna filozofia
|2 konspekt
|
| 072 |
|
7 |
|a 60
|x Biotechnológie. Genetické inžinierstvo
|2 konspekt
|
| 080 |
|
|
|a 17
|2 2011
|
| 080 |
|
|
|a 608.1
|2 2011
|
| 080 |
|
|
|a 050
|2 2011
|
| 080 |
|
|
|a (051)-027.561
|2 2011
|
| 210 |
0 |
|
|a Ethics bioeth.
|
| 222 |
|
0 |
|a Ethics & bioethics
|
| 245 |
0 |
0 |
|a Ethics & Bioethics
|
| 246 |
1 |
3 |
|a Ethics and Bioethics
|
| 246 |
1 |
3 |
|a Ethics and Bioethics (in Central Europe)
|
| 260 |
|
|
|a Prešov
|b Prešovská univerzita v Prešove
|c 2011-
|
| 300 |
|
|
|a zv.
|c 24 cm
|
| 310 |
|
|
|a 4x ročne
|
| 362 |
0 |
|
|a Vol. 1, no. 1-2 (2011)-
|
| 500 |
|
|
|a Šéfredaktor: ?- , Vasil Gluchman
|
| 500 |
|
|
|a Evidenčné č.: EV 4446/11
|
| 530 |
|
|
|a Online vydanie: Ethics & Bioethics (Online) ISSN 2453-7829
|
| 650 |
0 |
7 |
|a etika
|2 SNKPH
|9 792
|
| 650 |
0 |
7 |
|a bioetika
|2 SNKPH
|9 16939
|
| 650 |
0 |
7 |
|a Ethics
|2 SNKPHeng
|9 265831
|
| 650 |
0 |
7 |
|a Bioethics
|2 SNKPHeng
|9 265832
|
| 655 |
|
7 |
|a odborné časopisy
|2 SNKPH
|9 70505
|
| 655 |
|
7 |
|a Professional journals
|2 SNKPHeng
|9 265007
|
| 700 |
1 |
|
|a Gluchman, Vasil,
|d 1959-
|4 pbd
|9 205476
|
| 710 |
2 |
|
|a Prešovská univerzita v Prešove.
|b Filozofická fakulta.
|b Inštitút filozofie a etiky
|4 pbl
|9 183163
|
| 852 |
|
|
|a Štátna vedecká knižnica v Banskej Bystrici
|
| 856 |
4 |
1 |
|u http://www.ethics-and-bioethics.com
|
| 910 |
|
|
|a savuk
|
| 910 |
|
|
|a snk
|
| 910 |
|
|
|a svkbb
|
| 910 |
|
|
|a svkpo
|
| 916 |
|
|
|a 2011-2015, 2016, 2017-2018, 2019
|
| 999 |
|
|
|c 1239
|d 3169
|
| 952 |
|
|
|0 0
|1 0
|4 0
|7 0
|8 0
|a SNK
|b SNK
|d 2016-02-15
|f 1
|i snk2016/4038
|l 0
|o snkČSC 3585/5/2015
|p 17A1097933
|r 2026-02-21 19:33:37
|t č. 1-4
|w 2026-02-21
|y PREZ
|
| 952 |
|
|
|0 0
|1 0
|4 0
|7 0
|8 0
|a SNK
|b SNK
|d 2025-04-03
|i snk2025/5817
|l 0
|o snkČSC 3585/12/2022
|p 17A1556021
|r 2026-02-21 19:51:14
|t č. 1-4
|w 2026-02-21
|y PREZ
|
| 952 |
|
|
|0 0
|1 0
|4 0
|7 0
|8 0
|a SNK
|b SNK
|d 2025-04-03
|i snk2025/5819
|l 0
|o snkČSC 3585/13/2023
|p 17A1556022
|r 2026-02-21 19:51:14
|t č. 1-4
|w 2026-02-21
|y PREZ
|
| 952 |
|
|
|0 0
|1 0
|4 0
|7 0
|8 0
|a SNK
|b SNK
|d 2025-04-03
|i snk2025/5820
|l 0
|o snkČSC 3585/14/2024
|p 17A1556023
|r 2026-02-21 19:51:14
|t č. 1-4
|w 2026-02-21
|y PREZ
|
| 952 |
|
|
|0 0
|1 0
|4 0
|7 0
|8 0
|a SNK
|b SNK
|d 2021-05-27
|f 1
|i snk2021/5834
|l 0
|o snkČSC 3585/10/2020
|p 17A1434130
|r 2026-02-21 19:52:58
|t č. 1-4
|w 2026-02-21
|y PREZ
|
| 952 |
|
|
|0 0
|1 0
|4 0
|7 0
|8 0
|a SNK
|b SNK
|d 2023-01-26
|i snk2023/1636
|l 0
|o snkČSC 3585/10/2020 D1
|p 17A1465356
|r 2026-02-21 20:02:45
|t č. 1-4
|w 2026-02-21
|y PREZ
|
| 952 |
|
|
|0 0
|1 0
|4 0
|7 0
|8 0
|a SNK
|b SNK
|d 2022-12-15
|i snk2022/19009
|l 0
|o snkČSC 3585/9/2019 D1
|p 17A1465169
|r 2026-02-21 20:10:01
|t č. 1-4
|w 2026-02-21
|y PREZ
|
| 952 |
|
|
|0 0
|1 0
|4 0
|7 0
|8 0
|a SNK
|b SNK
|d 2022-12-15
|f 1
|i snk2022/19010
|l 0
|o snkČSC 3585/11/2021
|p 17A1465170
|r 2026-02-21 20:10:01
|t č. 1-4
|w 2026-02-21
|y PREZ
|
| 952 |
|
|
|0 0
|1 0
|4 0
|7 0
|8 0
|a SNK
|b SNK
|d 2016-02-12
|i snk2016/3829
|l 0
|o snkČSC 3585/4/2014 D1
|p 17A1097922
|r 2026-02-21 20:31:02
|t č. 1-4
|w 2026-02-21
|y PREZ
|
| 952 |
|
|
|0 0
|1 0
|4 0
|7 0
|8 0
|a SNK
|b SNK
|d 2015-09-08
|f 1
|i snk2015/25688
|l 0
|o snkČSC 3585/1/2011
|p 17A1048148
|r 2026-02-21 20:43:34
|t č. 1-2
|w 2026-02-21
|y PREZ
|
| 952 |
|
|
|0 0
|1 0
|4 0
|7 0
|8 0
|a SNK
|b SNK
|d 2015-09-08
|f 1
|i snk2015/25690
|l 0
|o snkČSC 3585/2/2012
|p 17A1048149
|r 2026-02-21 20:43:34
|t č. 1-4
|w 2026-02-21
|y PREZ
|
| 952 |
|
|
|0 0
|1 0
|4 0
|7 0
|8 0
|a SNK
|b SNK
|d 2015-09-08
|f 1
|i snk2015/25692
|l 0
|o snkČSC 3585/3/2013
|p 17A1048150
|r 2026-02-21 20:43:34
|t č. 1-4
|w 2026-02-21
|y PREZ
|
| 952 |
|
|
|0 0
|1 0
|4 0
|7 0
|8 0
|a SNK
|b SNK
|d 2015-09-08
|f 1
|i snk2015/25694
|l 0
|o snkČSC 3585/4/2014
|p 17A1048151
|r 2026-02-21 20:43:34
|t č. 1-4
|w 2026-02-21
|y PREZ
|
| 952 |
|
|
|0 0
|1 0
|4 0
|7 0
|8 0
|a SNK
|b SNK
|d 2015-09-08
|i snk2015/25697
|l 0
|o snkČSC 3585/1/2011 D1
|p 17A1048153
|r 2026-02-21 20:43:34
|t č. 1-2
|w 2026-02-21
|y PREZ
|
| 952 |
|
|
|0 0
|1 0
|4 0
|7 0
|8 0
|a SNK
|b SNK
|d 2015-09-08
|i snk2015/25698
|l 0
|o snkČSC 3585/2/2012 D1
|p 17A1048156
|r 2026-02-21 20:43:34
|t č. 1-4
|w 2026-02-21
|y PREZ
|
| 952 |
|
|
|0 0
|1 0
|4 0
|7 0
|8 0
|a SNK
|b SNK
|d 2015-09-08
|i snk2015/25699
|l 0
|o snkČSC 3585/3/2013 D1
|p 17A1048154
|r 2026-02-21 20:43:34
|t č. 1-4
|w 2026-02-21
|y PREZ
|
| 952 |
|
|
|0 0
|1 0
|4 0
|7 0
|8 0
|a SNK
|b SNK
|d 2023-05-02
|i snk2023/7005
|l 0
|o snkČSC 3585/11/2021 D1
|p 17A1466165
|r 2026-02-21 21:39:22
|t č. 1-4
|w 2026-02-21
|y PREZ
|
| 952 |
|
|
|0 0
|1 0
|4 0
|7 0
|8 0
|a SNK
|b SNK
|d 2019-05-02
|f 1
|i snk2019/12318
|l 0
|o snkČSC 3585/7/2017
|p 17A1367172
|r 2026-02-21 21:59:21
|t č. 1-4
|w 2026-02-21
|y PREZ
|
| 952 |
|
|
|0 0
|1 0
|4 0
|7 0
|8 0
|a SNK
|b SNK
|d 2019-05-02
|f 1
|i snk2019/12319
|l 0
|o snkČSC 3585/8/2018
|p 17A1367173
|r 2026-02-21 21:59:21
|t č. 1-4
|w 2026-02-21
|y PREZ
|
| 952 |
|
|
|0 0
|1 0
|4 0
|7 0
|8 0
|a SNK
|b SNK
|d 2020-06-30
|i snk2020/11591
|l 0
|o snkČSC 3585/8/2018 D1
|p 17A1430744
|r 2026-02-21 22:01:48
|t č. 1-4
|w 2026-02-21
|y PREZ
|
| 952 |
|
|
|0 0
|1 0
|4 0
|7 0
|8 0
|a SNK
|b SNK
|d 2019-11-14
|i snk2019/29394
|l 0
|o snkČSC 3585/7/2017 D1
|p 17A1384273
|r 2026-02-21 22:08:23
|t č. 1-4
|w 2026-02-21
|y PREZ
|
| 952 |
|
|
|0 0
|1 0
|4 0
|7 0
|8 0
|a SNK
|b SNK
|d 2018-08-07
|i snk2018/16525
|l 0
|o snkČSC 3585/6/2016 D1
|p 17A1327642
|r 2026-02-21 22:20:07
|t č. 1-4
|w 2026-02-21
|y PREZ
|
| 952 |
|
|
|0 0
|1 0
|4 0
|7 0
|8 0
|a SNK
|b SNK
|d 2020-10-19
|f 1
|i snk2020/18959
|l 0
|o snkČSC 3585/9/2019
|p 17A1432476
|r 2026-02-21 22:23:01
|t č. 1-4
|w 2026-02-21
|y PREZ
|
| 952 |
|
|
|0 0
|1 0
|4 0
|7 0
|8 0
|a SNK
|b SNK
|d 2017-07-10
|i snk2017/15945
|l 0
|o snkČSC 3585/5/2015 D1
|p 17A1206861
|r 2026-02-21 22:25:19
|t č. 1-4
|w 2026-02-21
|y PREZ
|
| 952 |
|
|
|0 0
|1 0
|4 0
|7 0
|8 0
|a SNK
|b SNK
|d 2017-07-10
|f 1
|i snk2017/15946
|l 0
|o snkČSC 3585/6/2016
|p 17A1206862
|r 2026-02-21 22:25:19
|t č. 1-4
|w 2026-02-21
|y PREZ
|